[Event "Druga liga Srbije grupa Vojvodina 2012"]
[Site "Kac"]
[Date "2012.10.19"]
[Round "8.1"]
[White "Kosic, Dragan"]
[Black "Leskur, Dejan"]
[Result "1/2-1/2"]
[WhiteElo "2509"]
[BlackElo "2376"]
[PlyCount "33"]
[EventDate "2012.10.14"]

1. d4 g6 2. Nf3 Bg7 3. c4 c5 4. d5 Nf6 5. Nc3 O-O 6. h3 d6 7. Bf4 a6 8. e3 Qa5
9. Nd2 Nbd7 10. Be2 Ne8 11. Qc2 b5 12. O-O Nc7 13. a4 b4 14. Nd1 Ne5 15. e4 e6
16. Ne3 f5 17. Nb3 1/2-1/2

[Event "Druga liga Srbije grupa Vojvodina 2012"]
[Site "Kac"]
[Date "2012.10.19"]
[Round "8.1"]
[White "Dvornic, Mladen"]
[Black "Laketic, Gojko"]
[Result "0-1"]
[WhiteElo "2323"]
[BlackElo "2435"]
[PlyCount "96"]
[EventDate "2012.10.14"]

1. e4 d6 2. d4 Nf6 3. Nc3 e5 4. Nf3 Nbd7 5. Bc4 Be7 6. Bb3 c6 7. g4 exd4 8.
Nxd4 Nc5 9. Nf5 Bxf5 10. exf5 d5 11. Be3 Nfd7 12. Qf3 Bg5 13. O-O-O O-O 14.
Bxg5 Qxg5+ 15. Kb1 a5 16. h4 Qd8 17. a4 Nxb3 18. cxb3 Re8 19. g5 Qb6 20. g6
fxg6 21. fxg6 Ne5 22. gxh7+ Kh8 23. Qg3 Qxb3 24. Rhg1 Re7 25. f4 Nc4 26. Rg2
Ne3 27. Re1 d4 28. Nd1 Qd3+ 29. Ka2 Rae8 30. h5 Qxh7 31. Qg5 Nxg2 32. Rxe7 Rxe7
33. Qxe7 Qxh5 34. Qxb7 Qd5+ 35. Qb3 Nxf4 36. Qxd5 Nxd5 37. Kb3 Ne3 38. Nf2 g5
39. Ka2 c5 40. b3 g4 41. Kb2 g3 42. Nh3 Kg8 43. Kc1 g2 44. Kd2 Nd5 45. Ke1 Nf4
46. Ng1 Kf7 47. Kf2 Ke6 48. Kf3 Kf5 0-1

[Event "Druga liga Srbije grupa Vojvodina 2012"]
[Site "Kac"]
[Date "2012.10.19"]
[Round "8.1"]
[White "Kosanovic, Goran A"]
[Black "Torbica, Milos"]
[Result "1-0"]
[WhiteElo "2363"]
[BlackElo "2279"]
[PlyCount "49"]
[EventDate "2012.10.14"]

1. d4 Nf6 2. Bg5 d5 3. e3 c6 4. Bxf6 exf6 5. c4 Be6 6. cxd5 Bxd5 7. Nc3 Be6 8.
Bd3 Be7 9. Qc2 g6 10. Nge2 b6 11. h4 f5 12. h5 Bd6 13. O-O-O b5 14. hxg6 fxg6
15. g4 Qf6 16. gxf5 gxf5 17. e4 Qf7 18. exf5 Bxa2 19. d5 Bxd5 20. Nxd5 Qxd5 21.
Nc3 Qc5 22. Bxb5 cxb5 23. Qe4+ Kf7 24. Qe6+ Kf8 25. Rxd6 1-0

[Event "Druga liga Srbije grupa Vojvodina 2012"]
[Site "Kac"]
[Date "2012.10.19"]
[Round "8.1"]
[White "Andrejevic, Milorad"]
[Black "Drazic, Sinisa"]
[Result "0-1"]
[WhiteElo "2255"]
[BlackElo "2511"]
[PlyCount "89"]
[EventDate "2012.10.14"]

1. e4 c5 2. Nf3 e6 3. d4 cxd4 4. Nxd4 a6 5. Nc3 Qc7 6. Bd3 Nc6 7. Nxc6 dxc6 8.
f4 e5 9. f5 Nf6 10. g4 b5 11. Qf3 Bb7 12. Be3 h6 13. Ne2 c5 14. c3 c4 15. Bc2
Bc5 16. Bxc5 Qxc5 17. O-O-O Nd7 18. Ng3 O-O-O 19. Rhf1 Qe7 20. f6 Qxf6 21. Qe3
Qg6 22. Nf5 Kb8 23. Rd6 Qg5 24. Qxg5 hxg5 25. Nxg7 Kc7 26. Rd2 Rdf8 27. Rdf2
Bc6 28. b4 cxb3 29. axb3 Kb6 30. Rxf7 Rxf7 31. Rxf7 Rxh2 32. Ne6 Rg2 33. Nxg5
Rg1+ 34. Kd2 Rxg4 35. Rf5 Rg2+ 36. Kc1 a5 37. Bd1 Nc5 38. Bc2 a4 39. bxa4 bxa4
40. Bxa4 Bxa4 41. Nf7 Nd3+ 42. Kb1 Bb3 43. Rf1 Bxf7 44. Rxf7 Rb2+ 45. Ka1 0-1

[Event "Druga liga Srbije grupa Vojvodina 2012"]
[Site "Kac"]
[Date "2012.10.19"]
[Round "8.1"]
[White "Tesic, Dragan"]
[Black "Medar, Zeljko"]
[Result "1-0"]
[WhiteElo "2346"]
[BlackElo "2229"]
[PlyCount "109"]
[EventDate "2012.10.14"]

1. d4 d6 2. e4 Nf6 3. Nc3 e5 4. Nf3 Nbd7 5. Bc4 h6 6. O-O Be7 7. Re1 c6 8. a4
O-O 9. a5 Re8 10. h3 Bf8 11. d5 Qc7 12. Ba2 c5 13. Bc4 a6 14. Bf1 g6 15. Nd2
Bg7 16. Nc4 b5 17. axb6 Nxb6 18. Nxb6 Qxb6 19. Na4 Qb7 20. b3 Bd7 21. Nb2 Bb5
22. c4 Bd7 23. Bd2 Rab8 24. Ra3 Bc8 25. Nd3 Nd7 26. Qc1 Kh7 27. b4 cxb4 28.
Bxb4 Bf8 29. Re2 Nc5 30. Nxc5 dxc5 31. Bc3 Qb1 32. Qe3 Qb6 33. Rea2 Bd6 34. Bd2
g5 35. Qf3 Kg7 36. Qh5 Rg8 37. Bd3 f6 38. Ra1 Rf8 39. Qd1 Rf7 40. Be2 Ra8 41.
Bg4 Bxg4 42. Qxg4 Re7 43. h4 Qb2 44. Be3 h5 45. Qf5 gxh4 46. Kh2 a5 47. Rxa5
Qxa1 48. Rxa1 Rxa1 49. Qxh5 Raa7 50. Bh6+ Kh7 51. Bf8+ Kg8 52. Bxe7 Bxe7 53.
Qe8+ Kg7 54. Qc6 Bd8 55. Qxc5 1-0

[Event "Druga liga Srbije grupa Vojvodina 2012"]
[Site "Kac"]
[Date "2012.10.19"]
[Round "8.1"]
[White "Matijevic, Radovan"]
[Black "Kovacevic, Dragisa"]
[Result "1/2-1/2"]
[WhiteElo "2108"]
[BlackElo "2236"]
[PlyCount "115"]
[EventDate "2012.10.14"]

1. c3 b6 2. d4 Bb7 3. Bg5 d6 4. e3 Nd7 5. Nf3 Ngf6 6. Nbd2 e6 7. Bd3 Be7 8. Qe2
a6 9. O-O h6 10. Bxf6 Bxf6 11. Ne1 c5 12. f4 Qc7 13. Nef3 g6 14. e4 e5 15. fxe5
dxe5 16. d5 b5 17. b3 O-O 18. a4 c4 19. bxc4 bxa4 20. Rxa4 Nc5 21. Ra2 Be7 22.
Rb1 Rfb8 23. Bc2 Bc8 24. Qe1 Bd7 25. Rab2 Bd6 26. Rxb8+ Rxb8 27. Kf1 a5 28.
Rxb8+ Qxb8 29. Qa1 a4 30. Ne1 Qb6 31. h3 Kg7 32. Ke2 Qa5 33. Nd3 Nxd3 34. Kxd3
a3 35. Ke2 Bc8 36. Nb3 Qb6 37. Nd2 Ba6 38. Qb1 Qa5 39. Qa1 Qd8 40. Bb3 Qb6 41.
Ba2 Qa5 42. Kd3 f5 43. Qf1 f4 44. Kc2 Qc5 45. Qe1 Bc8 46. Qe2 Bd7 47. Bb3 g5
48. Kd3 Kg6 49. Kc2 h5 50. Qe1 Qa7 51. Kb1 Qa5 52. Qc1 Qb6 53. Qe1 Qa5 54. Qc1
g4 55. hxg4 Bxg4 56. Ka2 Qb6 57. c5 Qxc5 58. Nc4 1/2-1/2

[Event "Druga liga Srbije grupa Vojvodina 2012"]
[Site "Kac"]
[Date "2012.10.19"]
[Round "8.2"]
[White "Stupavski, Zdenko"]
[Black "Galyas, Miklos"]
[Result "1/2-1/2"]
[WhiteElo "2407"]
[BlackElo "2423"]
[PlyCount "27"]
[EventDate "2012.10.14"]

1. c4 c5 2. g3 g6 3. Bg2 Bg7 4. Nc3 Nc6 5. a3 d6 6. Rb1 a5 7. d3 e5 8. Nf3 Nge7
9. Nd2 Be6 10. Nd5 O-O 11. Nxe7+ Qxe7 12. Ne4 Rab8 13. Nc3 Qd7 14. O-O 1/2-1/2

[Event "Druga liga Srbije grupa Vojvodina 2012"]
[Site "Kac"]
[Date "2012.10.19"]
[Round "8.2"]
[White "Somborski, Nebojsa"]
[Black "Elez, Nikola"]
[Result "1/2-1/2"]
[WhiteElo "2342"]
[BlackElo "2207"]
[PlyCount "108"]
[EventDate "2012.10.14"]

1. e4 c5 2. Nf3 d6 3. d4 cxd4 4. Nxd4 Nf6 5. Nc3 g6 6. Be3 Bg7 7. f3 O-O 8. Qd2
Nc6 9. g4 Bxg4 10. fxg4 Nxg4 11. Bg1 h5 12. h3 Nge5 13. Be2 Rc8 14. Be3 Na5 15.
b3 Kh7 16. Nd5 Nac6 17. c3 e6 18. Nf4 Qh4+ 19. Bf2 Qf6 20. h4 Ng4 21. Bxg4 hxg4
22. h5 g5 23. h6 gxf4 24. hxg7+ Kxg7 25. Nxc6 Rxc6 26. Rg1 Qg5 27. O-O-O Kf6
28. Kb2 Rg8 29. Qd4+ e5 30. Qb4 g3 31. Rxd6+ Rxd6 32. Qxd6+ Kg7 33. Qd1 b6 34.
Be1 Rh8 35. Qf3 Rh2+ 36. Kb1 Qh5 37. Qxh5 Rxh5 38. Kc2 Rh2+ 39. Kd3 Rxa2 40.
Bxg3 fxg3 41. Rxg3+ Kf6 42. b4 a5 43. bxa5 bxa5 44. Rg8 Ra4 45. c4 Ra3+ 46. Kd2
Ke6 47. Rd8 Ra4 48. Kc3 Ra3+ 49. Kd2 Rb3 50. Ra8 Ra3 51. Ra6+ Kd7 52. Ra7+ Kc6
53. Rxf7 Kc5 54. Rd7 Kxc4 1/2-1/2

[Event "Druga liga Srbije grupa Vojvodina 2012"]
[Site "Kac"]
[Date "2012.10.19"]
[Round "8.2"]
[White "Marjanovic, Dejan"]
[Black "Vlahovic, Bogdan"]
[Result "1-0"]
[WhiteElo "2219"]
[BlackElo "2340"]
[PlyCount "125"]
[EventDate "2012.10.14"]

1. e4 e6 2. d4 d5 3. exd5 exd5 4. Bd3 Nc6 5. c3 Bd6 6. Qf3 Be6 7. Ne2 Qh4 8.
Bf4 O-O-O 9. Bxd6 Rxd6 10. Qg3 Qh6 11. Na3 Nge7 12. Nc2 Bf5 13. Bxf5+ Nxf5 14.
Qf4 Qg6 15. O-O Re8 16. Qd2 Nh4 17. Ng3 Rde6 18. Rae1 Nd8 19. Rxe6 Rxe6 20. Nb4
c6 21. Nd3 f6 22. Nc5 Re7 23. Qf4 Qg5 24. Qd6 f5 25. f4 Nf7 26. Qe6+ Rxe6 27.
fxg5 Re7 28. Nxf5 Nxf5 29. Rxf5 g6 30. Rf6 Nxg5 31. h4 Nf7 32. Kf2 Nh6 33. Rf8+
Kc7 34. Nd3 Ng4+ 35. Kf3 Ne3 36. g4 Nc4 37. Kf4 Re4+ 38. Kg5 h6+ 39. Kxg6 Rxg4+
40. Kh5 Rg3 41. Nc5 b6 42. Rf7+ Kc8 43. Rf8+ Kc7 44. Rf7+ Kc8 45. Ne6 Nxb2 46.
Kxh6 Nd1 47. Rc7+ Kb8 48. Rxc6 Ne3 49. Ng7 Ng4+ 50. Kh7 Rf3 51. Kg6 Rg3 52. Kf7
Rf3+ 53. Ke7 Re3+ 54. Kd7 Rf3 55. Rg6 Nf6+ 56. Ke6 Ne4 57. Nf5 a5 58. h5 Ka7
59. h6 Ka6 60. Kxd5 Nxc3+ 61. Ke5 Ne2 62. h7 Nf4 63. Rh6 1-0

[Event "Druga liga Srbije grupa Vojvodina 2012"]
[Site "Kac"]
[Date "2012.10.19"]
[Round "8.2"]
[White "Sekulic, Dusan"]
[Black "Pezelj, Sinisa"]
[Result "0-1"]
[WhiteElo "2304"]
[BlackElo "2170"]
[PlyCount "112"]
[EventDate "2012.10.14"]

1. d4 e6 2. c4 Nf6 3. Nf3 b6 4. Nbd2 Bb7 5. e3 Bb4 6. Bd3 Ne4 7. O-O f5 8. Qc2
Nxd2 9. Nxd2 O-O 10. e4 Bxd2 11. Bxd2 Nc6 12. Bc3 f4 13. d5 Ne7 14. Rad1 f3 15.
g3 Qe8 16. Rfe1 Qh5 17. Bf1 e5 18. d6 cxd6 19. Rxd6 Rad8 20. c5 Nc8 21. Rd2 Rf6
22. Qd1 Rh6 23. h3 Bc6 24. Re3 Rf8 25. b4 bxc5 26. b5 Ba8 27. Rxd7 Qg5 28. Rxf3
Rhf6 29. h4 Qg6 30. Rxf6 Qxf6 31. f4 Qg6 32. Kh2 Qxe4 33. Bh3 Nb6 34. Rxa7 Nc4
35. b6 Ne3 36. b7 Nxd1 37. Bg2 Qxg2+ 38. Kxg2 Bxb7+ 39. Rxb7 Nxc3 40. fxe5 Re8
41. Ra7 Rxe5 42. a4 h6 43. Kf3 Nd5 44. a5 Re3+ 45. Kf2 Ra3 46. a6 Nb4 47. Ra8+
Kf7 48. a7 Ra5 49. Ke3 Nc6 50. Ke4 Rxa7 51. Rc8 Ra4+ 52. Ke3 Ra6 53. Rc7+ Kf6
54. Ke4 c4 55. g4 c3 56. Kd3 Nb4+ 0-1

[Event "Druga liga Srbije grupa Vojvodina 2012"]
[Site "Kac"]
[Date "2012.10.19"]
[Round "8.2"]
[White "Gavric, Zivojin"]
[Black "Mijatovic, Dejan"]
[Result "1/2-1/2"]
[WhiteElo "2128"]
[BlackElo "2271"]
[PlyCount "91"]
[EventDate "2012.10.14"]

1. e4 c5 2. Nc3 Nc6 3. g3 g6 4. Bg2 Bg7 5. f4 d6 6. d3 Nf6 7. Nf3 O-O 8. O-O
Rb8 9. a4 a6 10. h3 e5 11. Kh2 h6 12. Ne2 exf4 13. Nxf4 g5 14. Nd5 Nxd5 15.
exd5 Ne5 16. c3 f5 17. Ng1 b6 18. Ne2 a5 19. d4 Ng6 20. Qd3 Ra8 21. c4 Ra7 22.
Bd2 Qe8 23. b3 Re7 24. Rae1 cxd4 25. Nxd4 Ne5 26. Qc2 Qg6 27. Bc3 Bd7 28. Nc6
Ree8 29. Nd4 Kh8 30. Rf2 f4 31. Qxg6 Nxg6 32. Rxe8 fxg3+ 33. Kxg3 Rxe8 34. Re2
Be5+ 35. Kf2 Rf8+ 36. Kg1 Nf4 37. Re3 Rf7 38. Nb5 Bxc3 39. Nxc3 Ng6 40. Ne4 Re7
41. Kf2 Nf4 42. Bf1 Kg7 43. Nxd6 Rxe3 44. Kxe3 Nxh3 45. Ne4 Nf4 46. Kd4 1/2-1/2

[Event "Druga liga Srbije grupa Vojvodina 2012"]
[Site "Kac"]
[Date "2012.10.19"]
[Round "8.2"]
[White "Sevo, Dusan"]
[Black "Cecaric, Milan"]
[Result "1-0"]
[WhiteElo "2266"]
[BlackElo "1973"]
[PlyCount "147"]
[EventDate "2012.10.14"]

1. e4 e5 2. Nf3 Nc6 3. Bb5 Nf6 4. d3 d6 5. c3 a6 6. Ba4 Bd7 7. O-O g6 8. Re1
Bg7 9. Nbd2 O-O 10. Nf1 Nh5 11. Bb3 Na5 12. Bc2 c5 13. Ne3 Nf4 14. g3 Ne6 15.
a3 b5 16. Bd2 c4 17. d4 Qb6 18. Nd5 Qb7 19. Be3 Rfe8 20. dxe5 dxe5 21. Re2 Nc7
22. Nb6 Bg4 23. Rd2 Rab8 24. Kg2 Nb3 25. Bxb3 cxb3 26. h3 Be6 27. Nd5 h6 28.
Ng1 Kh8 29. Qxb3 Red8 30. Rad1 Rd6 31. c4 bxc4 32. Qxb7 Rxb7 33. Nxc7 Rxd2 34.
Rxd2 Rxc7 35. Rd8+ Kh7 36. Bd2 Rd7 37. Rxd7 Bxd7 38. Bc3 Bc6 39. f3 f5 40. exf5
gxf5 41. Kf2 Kg6 42. Ne2 h5 43. f4 e4 44. Bxg7 Kxg7 45. Ke3 Kf6 46. Kd4 Ke6 47.
Nc3 Bb5 48. Nd1 Ba4 49. Ne3 Bb3 50. Nxc4 Bd1 51. Ne3 Be2 52. b4 Bb5 53. Kc5 Bd7
54. Kb6 Bc8 55. a4 Kd6 56. b5 axb5 57. Kxb5 Bd7+ 58. Kb4 Kc6 59. a5 Be6 60. Nc4
Bc8 61. Ne5+ Kd5 62. Kc3 Ba6 63. Nd7 Bf1 64. h4 Be2 65. Kd2 Bf3 66. a6 Kc6 67.
Ke3 Bg2 68. Nf6 Bf3 69. Nd5 Bg4 70. Kd4 Bh3 71. Nf6 Bf1 72. a7 Kb7 73. Nxh5
Kxa7 74. Nf6 1-0

[Event "Druga liga Srbije grupa Vojvodina 2012"]
[Site "Kac"]
[Date "2012.10.19"]
[Round "8.3"]
[White "Indjic, Dusan"]
[Black "Bodiroga, Predrag"]
[Result "1/2-1/2"]
[WhiteElo "2287"]
[BlackElo "2394"]
[PlyCount "21"]
[EventDate "2012.10.14"]

1. d4 d5 2. c4 dxc4 3. Nf3 Nf6 4. e3 e6 5. Bxc4 a6 6. a4 b6 7. O-O Bb7 8. Nc3
Bb4 9. Qe2 O-O 10. Rd1 Nbd7 11. Bd3 1/2-1/2

[Event "Druga liga Srbije grupa Vojvodina 2012"]
[Site "Kac"]
[Date "2012.10.19"]
[Round "8.3"]
[White "Vukic, Radivoj"]
[Black "Petakov, Uros"]
[Result "1/2-1/2"]
[WhiteElo "2351"]
[BlackElo "2338"]
[PlyCount "21"]
[EventDate "2012.10.14"]

1. d4 Nf6 2. Nf3 b5 3. c3 a6 4. a4 bxa4 5. Qxa4 e6 6. g3 Bb7 7. Bg2 Be7 8. O-O
O-O 9. b4 d6 10. Nbd2 Nbd7 11. Ba3 1/2-1/2

[Event "Druga liga Srbije grupa Vojvodina 2012"]
[Site "Kac"]
[Date "2012.10.19"]
[Round "8.3"]
[White "Stanojevic, Branko"]
[Black "Remecki, Sinisa"]
[Result "1/2-1/2"]
[WhiteElo "2312"]
[BlackElo "2212"]
[PlyCount "31"]
[EventDate "2012.10.14"]

1. d4 Nf6 2. c4 c5 3. Nf3 cxd4 4. Nxd4 e5 5. Nb5 d6 6. Bg5 Be7 7. Nd2 Nc6 8.
Bxf6 gxf6 9. Ne4 Qa5+ 10. Qd2 Qxd2+ 11. Kxd2 O-O 12. Nc7 Rb8 13. Nd5 f5 14.
Nec3 Be6 15. e3 Rfd8 16. Be2 1/2-1/2

[Event "Druga liga Srbije grupa Vojvodina 2012"]
[Site "Kac"]
[Date "2012.10.19"]
[Round "8.3"]
[White "Titov, Ivan"]
[Black "Kovacevic, Dragan"]
[Result "1/2-1/2"]
[WhiteElo "2173"]
[BlackElo "2216"]
[PlyCount "34"]
[EventDate "2012.10.14"]

1. Nf3 d6 2. e4 Nf6 3. Nc3 c6 4. d4 Qa5 5. Bd3 e5 6. h3 Be7 7. O-O O-O 8. a4
Qc7 9. a5 Nbd7 10. Re1 Re8 11. Bf1 b5 12. axb6 Nxb6 13. b3 a6 14. Bb2 Bb7 15.
Na4 Nbd7 16. dxe5 dxe5 17. Bc4 Bb4 1/2-1/2

[Event "Druga liga Srbije grupa Vojvodina 2012"]
[Site "Kac"]
[Date "2012.10.19"]
[Round "8.3"]
[White "Okilj, Tigran"]
[Black "Vajdic, Nikola"]
[Result "1/2-1/2"]
[WhiteElo "2089"]
[BlackElo "2290"]
[PlyCount "148"]
[EventDate "2012.10.14"]

1. d4 Nf6 2. Bg5 c5 3. Bxf6 gxf6 4. d5 Qb6 5. Qc1 Bh6 6. e3 O-O 7. c4 f5 8. Bd3
Qg6 9. Nf3 Bg7 10. Nc3 Qxg2 11. Ke2 Qg6 12. Rg1 Qf6 13. e4 d6 14. exf5 Kh8 15.
Qf4 Nd7 16. Rab1 Ne5 17. Nxe5 Qxe5+ 18. Qxe5 Bxe5 19. Rg5 f6 20. Rg4 Bd7 21. h3
Be8 22. Kd2 Bh5 23. Rh4 Bf7 24. Ne2 Rg8 25. f4 Bd4 26. Nxd4 cxd4 27. Rg4 Bh5
28. Rgg1 Bf3 29. Rbe1 Rxg1 30. Rxg1 Rg8 31. Rxg8+ Kxg8 32. Bc2 Bg2 33. h4 Bf1
34. Bd3 Bh3 35. Be4 Bf1 36. Bd3 Bg2 37. Bc2 Bh3 38. Be4 Kg7 39. Kd3 Bg4 40.
Kxd4 Kh6 41. b4 b6 42. c5 bxc5+ 43. bxc5 dxc5+ 44. Kxc5 Kh5 45. Kc6 Kxh4 46.
Kd7 Kg3 47. Kxe7 Be2 48. d6 Bb5 49. d7 Bxd7 50. Kxd7 Kxf4 51. Bd3 Ke5 52. a4 h5
53. a5 h4 54. a6 h3 55. Bf1 h2 56. Bg2 Kxf5 57. Kc7 Kf4 58. Kb7 Kg3 59. Bh1 f5
60. Kxa7 f4 61. Kb8 f3 62. Bxf3 Kxf3 63. a7 Kg2 64. a8=Q+ Kg1 65. Qa7+ Kg2 66.
Qb7+ Kg1 67. Qb6+ Kg2 68. Qc6+ Kg1 69. Qc5+ Kg2 70. Qd5+ Kg1 71. Qd4+ Kg2 72.
Qe4+ Kg1 73. Qe1+ Kg2 74. Qe2+ Kg1 1/2-1/2

[Event "Druga liga Srbije grupa Vojvodina 2012"]
[Site "Kac"]
[Date "2012.10.19"]
[Round "8.3"]
[White "Jacimovic, Zoran"]
[Black "Skoko, Milan"]
[Result "0-1"]
[WhiteElo "2168"]
[BlackElo "2204"]
[PlyCount "111"]
[EventDate "2012.10.14"]

1. e4 c5 2. Nf3 d6 3. Bc4 Nc6 4. Nc3 Nf6 5. O-O g6 6. d3 Bg7 7. h3 O-O 8. Be3
h6 9. Qd2 Kh7 10. Ne2 e5 11. Bb5 Nd4 12. Bxd4 cxd4 13. c4 Ng8 14. Kh2 f5 15.
Ng3 f4 16. Ne2 g5 17. Ne1 h5 18. Rh1 Kg6 19. Kg1 g4 20. hxg4 hxg4 21. f3 Nf6
22. g3 fxg3 23. f4 Rh8 24. f5+ Kf7 25. Nxg3 Rxh1+ 26. Kxh1 Qh8+ 27. Qh2 Bd7 28.
Bxd7 Nxd7 29. Rc1 Qxh2+ 30. Kxh2 Rh8+ 31. Kg2 Bh6 32. Rc2 Bf4 33. b4 Rh3 34.
Nf1 b6 35. Kg1 Kf6 36. Kg2 Kg5 37. a3 Rh8 38. Kf2 Rc8 39. Kg2 Nf6 40. Kf2 Nh5
41. Ng2 Nf6 42. Ne1 Rc7 43. Ng2 d5 44. exd5 Nxd5 45. c5 Nc3 46. cxb6 axb6 47.
Ke1 Ra7 48. Nd2 Bxd2+ 49. Kxd2 Rxa3 50. Rb2 Kxf5 51. Kc2 b5 52. Kd2 Ra1 53. Kc2
Nd1 54. Rb1 Rxb1 55. Kxb1 Ne3 56. Nh4+ 0-1

[Event "Druga liga Srbije grupa Vojvodina 2012"]
[Site "Kac"]
[Date "2012.10.19"]
[Round "8.4"]
[White "Popov, Stevan"]
[Black "Dumpor, Atif"]
[Result "1/2-1/2"]
[WhiteElo "2204"]
[BlackElo "2359"]
[PlyCount "32"]
[EventDate "2012.10.14"]

1. e4 d6 2. d4 Nf6 3. Nc3 g6 4. g3 Bg7 5. Bg2 Nc6 6. Nge2 O-O 7. O-O e5 8. dxe5
dxe5 9. Qxd8 Rxd8 10. Bg5 Be6 11. Rfd1 h6 12. Bxf6 Bxf6 13. Nd5 Bxd5 14. exd5
Nd4 15. Nxd4 exd4 16. Rd3 Rd6 1/2-1/2

[Event "Druga liga Srbije grupa Vojvodina 2012"]
[Site "Kac"]
[Date "2012.10.19"]
[Round "8.4"]
[White "Ratkovic, Milovan"]
[Black "Jovanovic, Milenko"]
[Result "1-0"]
[WhiteElo "2272"]
[BlackElo "2192"]
[PlyCount "45"]
[EventDate "2012.10.14"]

1. d4 Nf6 2. c4 e6 3. Nf3 c5 4. d5 exd5 5. cxd5 d6 6. Nc3 g6 7. h3 Bg7 8. e4
O-O 9. Bd3 b5 10. Bxb5 Nxe4 11. Nxe4 Qa5+ 12. Nfd2 Qxb5 13. Nxd6 Qa6 14. N2c4
Nd7 15. O-O Nb6 16. Nxb6 axb6 17. Bg5 f6 18. Bf4 Bd7 19. Re1 Rfd8 20. Qd2 Bf8
21. Qc3 Bg7 22. Re7 Qa4 23. Qe3 1-0

[Event "Druga liga Srbije grupa Vojvodina 2012"]
[Site "Kac"]
[Date "2012.10.19"]
[Round "8.4"]
[White "Rajic, Dobrivoje"]
[Black "Orlov, Konstantin"]
[Result "1/2-1/2"]
[WhiteElo "2105"]
[BlackElo "2247"]
[PlyCount "26"]
[EventDate "2012.10.14"]

1. e4 c5 2. Nf3 d6 3. b3 Nf6 4. e5 dxe5 5. Nxe5 e6 6. Bb2 Be7 7. g3 O-O 8. Bg2
Qc7 9. O-O Nbd7 10. Qe2 Nxe5 11. Bxe5 Bd6 12. Bb2 e5 13. d3 Bg4 1/2-1/2

[Event "Druga liga Srbije grupa Vojvodina 2012"]
[Site "Kac"]
[Date "2012.10.19"]
[Round "8.4"]
[White "Ratkovic, Miloje"]
[Black "Kovacevic, Slavko"]
[Result "1-0"]
[WhiteElo "2202"]
[BlackElo "2187"]
[PlyCount "47"]
[EventDate "2012.10.14"]

1. d4 Nf6 2. c4 e6 3. Nf3 d5 4. Nc3 a6 5. cxd5 exd5 6. Bg5 Be7 7. e3 O-O 8. Qc2
Be6 9. Bd3 h6 10. Bh4 Nbd7 11. O-O Rc8 12. Rad1 Bg4 13. Bf5 Bxf3 14. gxf3 Ra8
15. Kh1 Kh8 16. Rg1 c6 17. Rg2 Rg8 18. Rdg1 Nf8 19. Ne2 Nh5 20. Bxe7 Qxe7 21.
e4 dxe4 22. fxe4 Nf6 23. Qd2 Nxe4 24. Qxh6+ 1-0

[Event "Druga liga Srbije grupa Vojvodina 2012"]
[Site "Kac"]
[Date "2012.10.19"]
[Round "8.4"]
[White "Zolotic, Zoran"]
[Black "Kostic, Branimir"]
[Result "1/2-1/2"]
[WhiteElo "2237"]
[BlackElo "2234"]
[PlyCount "77"]
[EventDate "2012.10.14"]

1. Nf3 Nf6 2. c4 e6 3. Nc3 d5 4. d4 c6 5. cxd5 exd5 6. Bg5 Be7 7. e3 Nbd7 8.
Bd3 O-O 9. O-O Re8 10. Qc2 Ne4 11. Bxe4 dxe4 12. Nxe4 Bxg5 13. Nexg5 Nf8 14.
Ne4 Bf5 15. Nfd2 Ne6 16. f3 Bg6 17. Qb3 b6 18. Ng3 c5 19. d5 c4 20. Nxc4 Qxd5
21. Rad1 Qc5 22. Rc1 Rac8 23. Rc3 h5 24. Nd2 Qe7 25. Nge4 Rcd8 26. Rf2 Kh8 27.
Qa3 f5 28. Qxe7 Rxe7 29. Ng3 Nc5 30. Ndf1 h4 31. Nh1 Bf7 32. b3 g5 33. Rfc2 a5
34. Nf2 Kg7 35. Nd2 Bd5 36. Nc4 Bxc4 37. Rxc4 Rxe3 38. Kf1 Rde8 39. Rc1 1/2-1/2

[Event "Druga liga Srbije grupa Vojvodina 2012"]
[Site "Kac"]
[Date "2012.10.19"]
[Round "8.4"]
[White "Milojevic, Dusan"]
[Black "Radanovic, Borislav"]
[Result "1-0"]
[WhiteElo "2188"]
[BlackElo "2244"]
[PlyCount "65"]
[EventDate "2012.10.14"]

1. e4 d6 2. d4 g6 3. c4 Nf6 4. Nc3 Bg7 5. f3 c6 6. Be3 a6 7. Qd2 Qa5 8. g4 b5
9. h4 Nbd7 10. h5 bxc4 11. h6 Bf8 12. Bxc4 d5 13. exd5 cxd5 14. Nxd5 Qxd2+ 15.
Bxd2 Nxd5 16. Bxd5 Rb8 17. Bc3 e6 18. Bb3 Bd6 19. Ne2 Bb7 20. Kf2 O-O 21. Ng3
Nf6 22. g5 Nd5 23. Ne4 Be7 24. Bd2 f6 25. Rae1 Kh8 26. Nc5 Bxc5 27. dxc5 Rbe8
28. Rh4 fxg5 29. Rhe4 g4 30. Rxg4 Nf6 31. Bc3 e5 32. Rf4 Nd7 33. Rxe5 1-0

[Event "Druga liga Srbije grupa Vojvodina 2012"]
[Site "Kac"]
[Date "2012.10.19"]
[Round "8.5"]
[White "Sertic, Rudolf"]
[Black "Onjin, Branko"]
[Result "1-0"]
[WhiteElo "2397"]
[BlackElo "2005"]
[PlyCount "69"]
[EventDate "2012.10.14"]

1. d4 Nf6 2. c4 g6 3. Nc3 d5 4. cxd5 Nxd5 5. e4 Nxc3 6. bxc3 Bg7 7. Ba3 O-O 8.
Nf3 b6 9. Qb3 Bb7 10. Bd3 Re8 11. O-O Nc6 12. Rad1 Na5 13. Qc2 Qc8 14. c4 Nc6
15. e5 Qg4 16. h3 Qd7 17. e6 fxe6 18. Bxg6 hxg6 19. Qxg6 Rf8 20. Ng5 Rf6 21.
Qh7+ Kf8 22. Qh5 Kg8 23. d5 exd5 24. Rxd5 Qe8 25. Qh7+ Kf8 26. Bb2 e5 27. Ba3+
Ne7 28. Rxe5 c5 29. Rfe1 Qc6 30. f3 Re8 31. Ne6+ Rxe6 32. Rxe6 Qd7 33. Bc1 Qd4+
34. Be3 Qxc4 35. Rf6+ 1-0

[Event "Druga liga Srbije grupa Vojvodina 2012"]
[Site "Kac"]
[Date "2012.10.19"]
[Round "8.5"]
[White "Blagojevic, Srdjan"]
[Black "Mastrapovic, Vladimir"]
[Result "0-1"]
[WhiteElo "2148"]
[BlackElo "2284"]
[PlyCount "52"]
[EventDate "2012.10.14"]

1. d4 Nf6 2. Nc3 d5 3. Bg5 e6 4. e4 dxe4 5. Nxe4 Be7 6. Bxf6 gxf6 7. Nf3 a6 8.
Qd2 f5 9. Nc3 b5 10. O-O-O Bb7 11. Kb1 c5 12. Qf4 Qd6 13. Qh6 Nd7 14. dxc5 Qxc5
15. Rxd7 Kxd7 16. Qg7 Raf8 17. Ne5+ Kc7 18. Nxf7 Rhg8 19. Qxh7 Kb8 20. f4 Qf2
21. Bd3 Qxg2 22. Rd1 Rg7 23. Qh6 Rgxf7 24. Qxe6 Qc6 25. Qe5+ Bd6 26. Qd4 Qc5
0-1

[Event "Druga liga Srbije grupa Vojvodina 2012"]
[Site "Kac"]
[Date "2012.10.19"]
[Round "8.5"]
[White "Marcak, Dejan"]
[Black "Banovic, Ivan"]
[Result "0-1"]
[WhiteElo "2152"]
[BlackElo "2148"]
[PlyCount "52"]
[EventDate "2012.10.14"]

1. e4 c5 2. Nf3 Nc6 3. d4 cxd4 4. Bc4 Nf6 5. e5 Nxe5 6. Bb3 Nxf3+ 7. Qxf3 Qa5+
8. Nd2 Qe5+ 9. Kf1 d5 10. Qd3 Qc7 11. Qxd4 e6 12. Nf3 Bc5 13. Ba4+ Kf8 14. Qd3
Qb6 15. Be3 Bxe3 16. fxe3 Qxb2 17. Ke2 Qb4 18. Bb3 Bd7 19. Ne5 Bb5 20. c4 dxc4
21. Nxc4 Rc8 22. Rac1 Ke7 23. Qd4 Rhd8 24. Qh4 Qd2+ 25. Kf3 Bc6+ 26. e4 Rd3+
0-1

[Event "Druga liga Srbije grupa Vojvodina 2012"]
[Site "Kac"]
[Date "2012.10.19"]
[Round "8.5"]
[White "Matic, Radovan"]
[Black "Bogic, Stevan"]
[Result "1/2-1/2"]
[WhiteElo "2159"]
[BlackElo "2199"]
[PlyCount "21"]
[EventDate "2012.10.14"]

1. d4 Nf6 2. Nc3 d5 3. Bg5 Nbd7 4. Nf3 g6 5. Qd3 Bg7 6. e4 dxe4 7. Nxe4 Nxe4 8.
Qxe4 Nf6 9. Bxf6 Bxf6 10. O-O-O c6 11. Bc4 1/2-1/2

[Event "Druga liga Srbije grupa Vojvodina 2012"]
[Site "Kac"]
[Date "2012.10.19"]
[Round "8.6"]
[White "Varga, Zoltan"]
[Black "Roganovic, Milos"]
[Result "1/2-1/2"]
[WhiteElo "2455"]
[BlackElo "2518"]
[PlyCount "29"]
[EventDate "2012.10.14"]

1. e4 c5 2. Nf3 Nc6 3. d4 cxd4 4. Nxd4 Nf6 5. Nc3 e5 6. Ndb5 d6 7. Bg5 a6 8.
Na3 b5 9. Nd5 Qa5+ 10. Bd2 Qd8 11. Nxf6+ Qxf6 12. Bd3 Be7 13. O-O O-O 14. c4
Nd4 15. Be3 1/2-1/2

[Event "Druga liga Srbije grupa Vojvodina 2012"]
[Site "Kac"]
[Date "2012.10.19"]
[Round "8.6"]
[White "Sipos, Istvan"]
[Black "Cabarkapa, Novak"]
[Result "1-0"]
[WhiteElo "2459"]
[BlackElo "2244"]
[PlyCount "51"]
[EventDate "2012.10.14"]

1. e4 e6 2. d4 d5 3. Nc3 Nf6 4. e5 Nfd7 5. Nce2 c5 6. c3 cxd4 7. cxd4 f6 8.
exf6 gxf6 9. Nc3 Nc6 10. Qh5+ Ke7 11. Bf4 a6 12. Nf3 Nb6 13. Bd3 Bd7 14. O-O
Be8 15. Qh3 Kd7 16. Rfe1 Bf7 17. Bf5 Qe8 18. Re2 Bd6 19. Rae1 Nd8 20. Bxd6 Kxd6
21. Qg3+ Kd7 22. Qg7 Rf8 23. Qxf6 Bg8 24. Qg7+ Kc8 25. Bh3 Rf7 26. Qg3 1-0